| 000 | 00000nam 2200000zi 4500 |
| 001 | 9.905760 |
| 003 | CaOODSP |
| 005 | 20240418121647 |
| 006 | m o d f |
| 007 | cr ||||||||||| |
| 008 | 211208t20212021quc ob f000 0 eng d |
| 020 | |a9780660412498 |
| 040 | |aCaOODSP|beng|erda|cCaOODSP |
| 043 | |an-cn--- |
| 045 | |ay1y1 |
| 086 | 1 |aEn4-449/2021E-PDF |
| 245 | 00|aHorizontal evaluation of the International Climate Change Cooperation. |
| 264 | 1|aGatineau QC : |bEnvironment and Climate Change Canada = Environnement et Changement climatique Canada, |c[2021] |
| 264 | 4|c©2021 |
| 300 | |a1 online resource (iii, 27 pages) |
| 336 | |atext|btxt|2rdacontent |
| 337 | |acomputer|bc|2rdamedia |
| 338 | |aonline resource|bcr|2rdacarrier |
| 500 | |aIssued also in French under title: Évaluation horizontale de la Coopération internationale en matière de changements climatiques. |
| 504 | |aIncludes bibliographical references. |
| 520 | |a"Formerly known as the International Actions theme under the Clean Air Regulatory Agenda, the International Climate Change Cooperation (ICCC) aims to support international engagement in advancing Canada’s climate change objectives"--Executive summary, page i. |
| 610 | 10|aCanada. |bEnvironment and Climate Change Canada|xEvaluation. |
| 650 | 0|aClimate change mitigation|xGovernment policy|zCanada|xEvaluation. |
| 650 | 0|aClimate change mitigation|xInternational cooperation|xEvaluation. |
| 710 | 1 |aCanada. |bEnvironment and Climate Change Canada. |bEvaluation Division, |eissuing body. |
| 775 | 08|tÉvaluation horizontale de la Coopération internationale en matière de changements climatiques.|w(CaOODSP)9.905761 |
| 856 | 40|qPDF|s750 KB|uhttps://publications.gc.ca/collections/collection_2022/eccc/En4-449-2021-eng.pdf |
| 856 | 4 |qHTML|sN/A|uhttps://www.canada.ca/en/environment-climate-change/corporate/transparency/priorities-management/evaluations/report-international-climate-change-cooperation.html |
| 986 | |aEC 21236 |